MARC details
| 000 -CABECERA |
| campo de control de longitud fija |
02275nam a2200313 i 4500 |
| 001 - NÚMERO DE CONTROL |
| campo de control |
000048892 |
| 003 - IDENTIFICADOR DEL NÚMERO DE CONTROL |
| campo de control |
DO-SdBNP |
| 005 - FECHA Y HORA DE LA ÚLTIMA TRANSACCIÓN |
| campo de control |
20250204134906.0 |
| 007 - CAMPO FIJO DE DESCRIPCIÓN FÍSICA--INFORMACIÓN GENERAL |
| campo de control de longitud fija |
ta |
| 008 - DATOS DE LONGITUD FIJA--INFORMACIÓN GENERAL |
| campo de control de longitud fija |
190425s2016 dr ac 000 0 spa d |
| 020 ## - NÚMERO INTERNACIONAL ESTÁNDAR DEL LIBRO |
| Número Internacional Estándar del Libro |
9789945586893 |
| 040 ## - FUENTE DE LA CATALOGACIÓN |
| Centro catalogador/agencia de origen |
DO-SdBNP |
| Lengua de catalogación |
spa |
| Centro/agencia transcriptor |
BNPHU |
| Normas de descripción |
rda |
| 082 #1 - NÚMERO DE LA CLASIFICACIÓN DECIMAL DEWEY |
| Número de edición |
22 |
| Número de clasificación |
xxx |
| Número de documento/Ítem |
P349d |
| 100 1# - ENTRADA PRINCIPAL--NOMBRE DE PERSONA |
| Nombre de persona |
Peña, Ángela, |
| Término indicativo de función/relación |
autor |
| Código de función/relación |
aut. |
| 9 (RLIN) |
37722 |
| 245 14 - MENCIÓN DE TÍTULO |
| Título |
Los dominicanos / |
| Mención de responsabilidad, etc. |
Ángela Peña ; prólogo, Nelson Marrero. |
| 264 #1 - PRODUCCIÓN, PUBLICACIÓN, DISTRIBUCIÓN, FABRICACIÓN Y COPYRIGHT |
| Producción, publicación, distribución, fabricación y copyright |
Santo Domingo : |
| Nombre del de productor, editor, distribuidor, fabricante |
Archivo General de la Nación, |
| Fecha de producción, publicación, distribución, fabricación o copyright |
2016. |
| 300 ## - DESCRIPCIÓN FÍSICA |
| Extensión |
296 páginas : |
| Otras características físicas |
ilustraciones, retratos ; |
| Dimensiones |
23 cm. |
| 336 ## - TIPO DE CONTENIDO |
| Término de tipo de contenido |
texto |
| Código de tipo de contenido |
txt |
| Fuente |
rdacontent |
| 337 ## - TIPO DE MEDIO |
| Nombre/término del tipo de medio |
sin mediación |
| Código del tipo de medio |
n |
| Fuente |
rdamedia |
| 338 ## - TIPO DE SOPORTE |
| Nombre/término del tipo de soporte |
volumen |
| Código del tipo de soporte |
nc |
| Fuente |
rdacarrier |
| 490 ## - MENCIÓN DE SERIE |
| Mención de serie |
Colección Archivo General de la Nación |
| Designación de volumen o secuencia |
292 |
| 500 ## - NOTA GENERAL |
| Nota general |
Incluye datos biográficos de la autor en la solapa de la cubierta |
| 500 ## - NOTA GENERAL |
| Nota general |
Incluye índice onomástico |
| 504 ## - NOTA DE BIBLIOGRAFÍA, ETC. |
| Nota de bibliografía, etc. |
Bibliografía : páginas 271-273 |
| 505 0# - NOTA DE CONTENIDO CON FORMATO |
| Nota de contenido con formato |
Visiones --¿Pesimista? --Diligente --Bajitos --Alimentos --El Arroz --La dieta --Arco iris de colores y rasgos físicos --Discriminación social o racismo? --Un lenguaje de muchas lenguas --Trujillo y la unidad del lenguaje --Triste o alegre? --Reírse de sí mismo --El recurso del chiste --Fiebruses del sexo --Ardiente amor de las dominicanas --Prevalece la cruz de los descubridores --Los protestantes ganan su espacio --Creencias populares y vínculos con Africa --Hay ritmos para bailar y otros para enamorarse --La política aviva métodos violentos --Políticos resuelven problemas que crean --Definición de identidad --Identidad: una búsqueda incesante --La identidad construida por intelectuales --Por qué ha luchado el dominicano? --La identidad en los versos de los grandes poetas --La dominicanidad en la poesía posterior a Trujillo --Identidad literaria dominicana --La novela describe la identidad del dominicano --Lo antidominicano en la novelística --La política en la novela --Lo dominicano y la pintura --Negros y mulatos en la pintura dominicana --El tiguere: un personaje dominicano --El dominicano expresa las culturas que lo formaron --La identidad dominicana o el eterno laberinto |
| 590 ## - NOTA LOCAL (RLIN) |
| Nota local |
Inventariado, 2019/LP |
| 700 1# - PUNTO DE ACCESO ADICIONAL--NOMBRE DE PERSONA |
| Nombre de persona |
Marrero, Nelson, |
| Término indicativo de función/relación |
prologuista |
| 9 (RLIN) |
76328 |
| Código de función/relación |
pr. |
| 942 ## - ELEMENTOS DE PUNTO DE ACCESO ADICIONAL (KOHA) |
| Fuente del sistema de clasificación o colocación |
Dewey Decimal Classification |
| Tipo de ítem Koha |
Libro |